LEADER 01788nam2 22003853i 450 001 VAN0242148 005 20220908125905.210 017 70$2N$a9783662473771 100 $a20220304d2015 |0itac50 ba 101 $aeng 102 $aCH 105 $a|||| ||||| 200 1 $aGregory S. Ezra$eA Festschrift from Theoretical Chemistry Accounts$fvolume editors Srihari Keshavamurthy, Stephen Wiggins$gwith contributions from Johnson K. Agbo ... [et al.] 210 $aHeidelberg$cSpringer$d2015 215 $aV, 183 p.$cill.$d24 cm 461 1$1001VAN0241714$12001 $aHighlights in Theoretical Chemistry$1210 $aBerlin$cSpringer$d2015$v7 620 $aDE$dHeidelberg$3VANL000282 676 $a572.633$cStruttura molecolare$v22 676 $a540$cChimica generale$v22 676 $a541$cChimica fisica$v22 676 $a541.24$cStruttura atomica$v22 702 1$aAgbo$bJohnson K.$3VANV198062 702 1$aKeshavamurthy$bSrihari$3VANV198061 702 1$aWiggins$bStephen$3VANV030754 712 $aSpringer $3VANV108073$4650 790 1$aAgbo, J. K.$zAgbo, Johnson K.$3VANV198063 790 1$aAgbo, J.K.$zAgbo, Johnson K.$3VANV203588 801 $aIT$bSOL$c20240614$gRICA 856 4 $uhttps://rd.springer.com/book/10.1007/978-3-662-47377-1$zE-book - Accesso al full-text attraverso riconoscimento IP di Ateneo, proxy e/o Shibboleth 899 $aBIBLIOTECA DEL DIPARTIMENTO DI SCIENZE E TECNOLOGIE AMBIENTALI BIOLOGICHE E FARMACEUTICHE$1IT-CE0101$2VAN17 912 $fN 912 $aVAN0242148 950 $aBIBLIOTECA DEL DIPARTIMENTO DI SCIENZE E TECNOLOGIE AMBIENTALI BIOLOGICHE E FARMACEUTICHE$d17CONS e-book 2219 $e17BIB2219/88 88 20220304 996 $aGregory S. Ezra$92060862 997 $aUNICAMPANIA